1606 1393 1475 1726 1774 1387 1197 1379 1917 1759 1578 1694 1313 1360 1374 1661 1732 1980 1431 1141 1968 1760 1558 1624 1936 1343 1651 1493 1054 1928 1211 1410 1643 1149 1094 1279 1819 1226 1177 1853 1233 1627 1232 1848 1974 1716 1364 1128 1516 1080 1568 1673 1398 1765 1750 1689 1813 1867 1436 1331 1490 1595 1173 1861 1000 1299 1300 1957 1871 1273 1339 1603 1278 1196 1182 1124 1575 1526 1443 1436 1327 1013 1707 1325 1692 1196 1561 1183 1267 1553 1907 1123 1397 1229 1035 1283 1400 1989 1267 BCNSPRNW ULIB Ver.6.0+V

เปลี่ยนเป็นภาษาไทย

Change to English
 แสดงรายละเอียดบรรณานุกรม
  กลับหน้าหลัก

Brief Record : Get Marc (ISO 2709) : E-mail record : QR code < ปิดหน้าต่าง
LEADER : 00000nam 2200000uu 4500
001    13399127745
003     ULIB
008    210518s2557||||th 000 0 tha d
020    ู^a9786163691989
050    ^aนว^bซ119ม^cล.5
100    ^aซ็อลบง
245    ^aมหากาพย์เทพมรณะ เล่ม 5
250    ^aพิมพ์ครั้งที่ 1
260    ^aกรุงเทพฯ :^bสยามอินเตอร์บุ๊คส์,^c2557
300    ^a229 หน้า;^b21 ซม.
650    ^aนวนิยาย
945    ^p200^l0^i008056
999    ^aประนอม เกษจรัล
รายการนี้ยังไม่มีแท็ก
คุณยังไม่ได้ล็อกอิน คุณสามารถมีกิจกรรมร่วมกับเว็บไซต์ได้ แต่ต้องล็อกอินก่อน ::
  ล็อกอิน

รายการสื่อสารสนเทศ

ลำดับที่ ประเภท เลขเรียก/บาร์โค้ด สถานที่ สถานะ
1. นวนิยาย
นวนิยาย
นว ซ119ม ล.5 ฉ.1 
  Barcode: 008056
ห้องสมุดวิทยาเขตนครสวรรค์
►นวนิยาย:l:Fiction
บนชั้น
Note:บริจาค

รายการใกล้เคียง
    ผู้แต่ง [ซ็อลบง]

    หัวเรื่อง [นวนิยาย]

BibComment


ยังไม่เคยถูกคอมเมนท์

คอมเมนท์ทรัพยากรรายการนี้
  คอมเมนท์: มหากาพย์เทพมรณะ ..


 Copyright 2026. Bcnsprnw @Library